|
|
|
|
| LEADER |
00000cam a2200000 7i4500 |
| 001 |
0000003535 |
| 005 |
20060412.0 |
| 020 |
0 |
0 |
|a 1405300647
|
| 090 |
0 |
0 |
|a 635.92
|b GRE
|
| 100 |
1 |
0 |
|a Greenwood, Pippa.
|
| 245 |
1 |
0 |
|a Pests & diseases
|c Pippa Greenwood, Andrew Halstead.
|
| 260 |
0 |
0 |
|a London :
|b Dorling Kindersley ,
|c 1997.
|
| 300 |
|
|
|a 224p. :
|b col. ill. ;
|c 28cm.
|
| 500 |
0 |
0 |
|a At head of title: The Royal Horticultural Society.
|
| 650 |
0 |
0 |
|a Garden pests
|x Control.
|
| 650 |
0 |
0 |
|a Garden pests
|x Identification
|
| 650 |
0 |
0 |
|a Plant diseases
|x Control.
|
| 650 |
0 |
0 |
|a Plant diseases
|x Identification.
|
| 700 |
1 |
1 |
|a Halstead, Andrew.
|
| 710 |
2 |
1 |
|a Royal Horticultural Society (Great Britain)
|
| 999 |
|
|
|a 0000006890
|b Monograph
|c Open Shelf
|e Default branch
|
| 999 |
|
|
|a 007280
|b Monograph
|c Open Shelf
|e Default branch
|